Comparative politics. (Record no. 771)

MARC details
000 -LEADER
fixed length control field 00498cam a2200205ua 4500
001 - CONTROL NUMBER
control field 847
005 - DATE AND TIME OF LATEST TRANSACTION
control field 20260515113231.0
008 - FIXED-LENGTH DATA ELEMENTS--GENERAL INFORMATION
fixed length control field 110421n ii |||gr||||Z||||||eng
020 ## - INTERNATIONAL STANDARD BOOK NUMBER
International Standard Book Number 81-207-0468-1
040 ## - CATALOGING SOURCE
Transcribing agency MAIN
082 ## - DEWEY DECIMAL CLASSIFICATION NUMBER
Classification number 320.3
245 1# - TITLE STATEMENT
Title Comparative politics.
Statement of responsibility, etc. By J C Johari.
250 ## - EDITION STATEMENT
Edition statement 3rd.
260 ## - PUBLICATION, DISTRIBUTION, ETC.
Place of publication, distribution, etc. New Delhi.:
Name of publisher, distributor, etc. Sterling.,995.
300 ## - PHYSICAL DESCRIPTION
Extent xvi, 600 p.:
Dimensions 25 cm.
653 ## - INDEX TERM--UNCONTROLLED
Uncontrolled term Political science.
653 ## - INDEX TERM--UNCONTROLLED
Uncontrolled term Comparative politics.
700 ## - ADDED ENTRY--PERSONAL NAME
Personal name Johari, J C.,
942 ## - ADDED ENTRY ELEMENTS (KOHA)
Koha item type Books
Holdings
Withdrawn status Lost status Damaged status Not for loan Home library Current library Shelving location Date acquired Total checkouts Full call number Barcode Date last seen Date last checked out Copy number Price effective from Koha item type
        Naharkatiya College Library Naharkatiya College Library General stacks 09/19/2020 1 320.3 | JOH 504 04/06/2026 04/04/2026 1 09/19/2020 Books
        Naharkatiya College Library Naharkatiya College Library General stacks 09/19/2020   320.3 | JOH 505 09/19/2020   2 09/19/2020 Books